1040 1847 1194 1778 1563 1865 1577 1596 1672 1272 1319 1711 1827 1183 1219 1668 1651 1302 1717 1320 1674 1501 1364 1740 1829 1705 1469 1921 1061 1650 1574 1540 1831 1070 1921 1828 1577 1847 1427 1978 1599 1404 1098 1364 1430 1441 1330 1229 1822 1709 1692 1337 1867 1210 1770 1550 1870 1437 1279 1128 1815 1713 1549 1306 1243 1113 1552 1203 1634 1713 1601 1774 1217 1439 1011 1205 1136 1970 1861 1056 1291 1038 1620 1262 1656 1658 1238 1727 1641 1952 1733 1478 1074 1554 1723 1039 1780 1857 1319 BCNSPRNW ULIB Ver.6.0+V

เปลี่ยนเป็นภาษาไทย

Change to English
 แสดงรายละเอียดบรรณานุกรม
  กลับหน้าหลัก

Brief Record : Get Marc (ISO 2709) : E-mail record : QR code < ปิดหน้าต่าง
LEADER : 00000nam 2200000uu 4500
001    13399123850
003     ULIB
008    141208s||||||||th 000 0 tha d
020    ^a9789749391921
099    ^aนว^bส988บ
100 0  ^aโสภี พรรณราย
245 00 ^a เหลี่ยมเพชรกะรัต^cโสภี พรรณราย
260    ^aกรุงเทพ :^bbeauty,^c2549
945    ^p270^l0^i019195
999    ^aกมลทิพย์ ธนสารสุธี
รายการนี้ยังไม่มีแท็ก
คุณยังไม่ได้ล็อกอิน คุณสามารถมีกิจกรรมร่วมกับเว็บไซต์ได้ แต่ต้องล็อกอินก่อน ::
  ล็อกอิน

รายการสื่อสารสนเทศ

ลำดับที่ ประเภท เลขเรียก/บาร์โค้ด สถานที่ สถานะ
1. นวนิยาย
นวนิยาย
นว ส988บ ฉ.1 
  Barcode: 019195
ห้องสมุดวิทยาเขตนครสวรรค์
►นวนิยาย:l:Fiction
บนชั้น

รายการใกล้เคียง
    ผู้แต่ง [โสภี พรรณราย]

BibComment


ยังไม่เคยถูกคอมเมนท์

คอมเมนท์ทรัพยากรรายการนี้
  คอมเมนท์: เหลี่ยมเพชรกะรั..


 Copyright 2026. Bcnsprnw @Library